Woment’s Voice Feminist Visions. Classic and Contemporary Readings

שמור ב:
מידע ביבליוגרפי
מחבר ראשי: Shaw, Susan
פורמט: ספר
שפה:English
יצא לאור: McGraw Hill Companies Inc 2007
נושאים:
תגים: הוספת תג
אין תגיות, היה/י הראשונ/ה לתייג את הרשומה!
Thư viện lưu trữ: Mạng thư viện Đại học Đà Nẵng
LEADER 00958nam a22002651a 4500
001 000034843
003 11060
005 20151027134510.0
008 151027s2007 000 eng
020 |a 9780073112503 
041 |a eng 
082 |a 420.30  |b SH-S 
100 |a Shaw, Susan 
245 |a Woment’s Voice Feminist Visions. Classic and Contemporary Readings  |c Susan M. Shaw 
260 |a McGraw Hill Companies Inc  |c 2007 
300 |a 734p. : ill ; 25cm 
650 |a Woment’s Voice Feminist Visions. Classic and Contemporary Readings, Family 
OWN |a LNN 
AVA |a UDN50  |b LNN  |d 420.30 SH-S  |e available  |t Error 5001 Not defined in file expand_doc_bib_avail.  |f 2  |g 0  |h N  |i 0  |k 1 
999 |a From the UDN01 
AVA |a UDN50  |b LNN  |d 420.30 SH-S  |e available  |t Error 5001 Not defined in file expand_doc_bib_avail.  |f 2  |g 0  |h N  |i 0  |k 1 
TYP |a Monograph 
980 |a Mạng thư viện Đại học Đà Nẵng